| 000 | 00944nam a2200301Ia 4500 | ||
|---|---|---|---|
| 001 | Para_6780 | ||
| 003 | CHAP | ||
| 008 | 220125s1921 xx 000 0 und d | ||
| 010 | _a205576 | ||
| 040 | _cCHAP | ||
| 082 | _aPA-C 633 B85 | ||
| 100 |
_aHarris, F. S. _9171621 |
||
| 245 |
_aThirty years of agricultural experiments in utah / _c by F. S. Harris and N. I. Butt |
||
| 260 |
_aLogan, Utah : _b Experiment Station |
||
| 300 | _a64 p. | ||
| 440 |
_aCircular; 46 _9171622 |
||
| 500 | _aEncuadernado con: Report of progress for year ending june 30, 1940 / University of Maine | ||
| 650 |
_aAgricultura _x Investigación _xUtah _9171623 |
||
| 650 |
_aCultivos _x EUA _x Colecciones de escritos _9171611 |
||
| 700 |
_aButt, N.I. _9171624 |
||
| 901 | _aPA-C 633 B85 | ||
| 902 | _aA | ||
| 905 | _a0000001921 0000000000 00 | ||
| 910 | _a1921 | ||
| 942 | _cPARA | ||
| 942 |
_cPARA _d1 |
||
| 999 |
_c205576 _d205576 |
||